Physics of Atoms and molecules (Record no. 5416)

MARC details
000 -LEADER
fixed length control field 00607nam a22002297a 4500
003 - CONTROL NUMBER IDENTIFIER
control field OSt
005 - DATE AND TIME OF LATEST TRANSACTION
control field 20161130192855.0
008 - FIXED-LENGTH DATA ELEMENTS--GENERAL INFORMATION
fixed length control field 161130b xxu||||| |||| 00| 0 eng d
020 ## - INTERNATIONAL STANDARD BOOK NUMBER
International Standard Book Number 058235692X
040 ## - CATALOGING SOURCE
Transcribing agency DDC
082 ## - DEWEY DECIMAL CLASSIFICATION NUMBER
Classification number 539 BRA 2003
100 ## - MAIN ENTRY--PERSONAL NAME
Personal name Bransden, B.H.; Joachain, C.J.
9 (RLIN) 11325
245 ## - TITLE STATEMENT
Title Physics of Atoms and molecules
250 ## - EDITION STATEMENT
Edition statement 2nd ed.
260 ## - PUBLICATION, DISTRIBUTION, ETC. (IMPRINT)
Place of publication, distribution, etc. England; Prentice Hall, 2003
300 ## - PHYSICAL DESCRIPTION
Extent xiv,1114p;ill: 24cm
504 ## - BIBLIOGRAPHY, ETC. NOTE
Bibliography, etc Appendices, references, & index included
650 ## - SUBJECT ADDED ENTRY--TOPICAL TERM
Topical term or geographic name as entry element Atoms
9 (RLIN) 11326
650 ## - SUBJECT ADDED ENTRY--TOPICAL TERM
Topical term or geographic name as entry element Molecules
9 (RLIN) 8508
650 ## - SUBJECT ADDED ENTRY--TOPICAL TERM
Topical term or geographic name as entry element Physics
9 (RLIN) 809
942 ## - ADDED ENTRY ELEMENTS (KOHA)
Source of classification or shelving scheme Other/Generic Classification Scheme
Koha item type Open Shelf
Holdings
Withdrawn status Lost status Source of classification or shelving scheme Damaged status Not for loan Home library Current library Date acquired Source of acquisition Inventory number Total Checkouts Full call number Barcode Date last seen Koha item type Price effective from
    Dewey Decimal Classification     MUST Main Library MUST Main Library 30/11/2016   08/31026   539 BRA 2003 2016-4973 30/11/2016 Open Shelf  
    Dewey Decimal Classification     MUST Main Library MUST Main Library 15/02/2017   10/32101   539 BRA 2003 2017-0223 15/02/2017 Open Shelf 15/02/2017